01123 2200349 4500001002100000005001500021035002000036007000300056040001700059100003000076245017800106250001200284300003600296020002200332041000800354082001000362084001600372090002100388264003400409336002100443337003000464338002300494650001500517700006400532850001000596008004100606500003200647504002500679990002300704990002300727990002300750INLIS00000000000552720260508020831 a0010-0222000617ta aSBPUPADbind0 aAhmad IzzuddinePengarang1 aFiqih Hisab Rukyah :bMenyatukan NU dan Muhammadiyah dalam penentuan awal Ramadhan, Idul Firi dan Idul Adha /cAhmad Izzudin;Editor, Achmad Tagyudin;Editor ke-2,Sayed Mahdi a.-cet.1 axxi,193 hlm. :bIllus. ;c19 cm a978-979-015-531-2 aind a2x4.9 a2x4.9 AHM f a297.56 ASY k 6-3 a.--Jakarta :bErlangga,c2007 2rdacontentateks 2rdamediaatanpa perantara 2rdacarrieravolume 4aIlmu Fiqih aEditor, Achmad Taqyudin, Editor ke-2 Sayed MahdiePengarang aPUPAD260508 0  aTentang Penulis,hlm 193-197 aBibliografi, hlm 193 a13477/BR-KAPD/2010 a13478/BR-KAPD/2010 a13476/BR/KAPD/2010